<?xml version="1.0" encoding="UTF-8"?>
<record
    xmlns:xsi="http://www.w3.org/2001/XMLSchema-instance"
    xsi:schemaLocation="http://www.loc.gov/MARC21/slim http://www.loc.gov/standards/marcxml/schema/MARC21slim.xsd"
    xmlns="http://www.loc.gov/MARC21/slim">

  <leader>00577nam a2200169Ia 4500</leader>
  <controlfield tag="008">090201s9999    xx            000 0 und d</controlfield>
  <datafield tag="010" ind1=" " ind2=" ">
    <subfield code="a">KPL-39075</subfield>
  </datafield>
  <datafield tag="040" ind1=" " ind2=" ">
    <subfield code="b">&#x92E;&#x930;&#x93E;&#x920;&#x940;</subfield>
  </datafield>
  <datafield tag="041" ind1=" " ind2=" ">
    <subfield code="a">&#x92E;&#x930;&#x93E;&#x920;&#x940;</subfield>
  </datafield>
  <datafield tag="082" ind1=" " ind2=" ">
    <subfield code="a">22855</subfield>
    <subfield code="b">39075</subfield>
  </datafield>
  <datafield tag="100" ind1=" " ind2=" ">
    <subfield code="a">&#x930;&#x92E;&#x947;&#x936;  &#x92E;&#x941;&#x927;&#x94B;&#x933;&#x915;&#x930;</subfield>
  </datafield>
  <datafield tag="245" ind1=" " ind2=" ">
    <subfield code="a">&#x92D;&#x93E;&#x930;&#x924;&#x940;&#x92F; &#x936;&#x93E;&#x938;&#x94D;&#x924;&#x94D;&#x930;&#x91C;&#x94D;&#x91E;</subfield>
    <subfield code="c">&#x930;&#x92E;&#x947;&#x936;  &#x92E;&#x941;&#x927;&#x94B;&#x933;&#x915;&#x930;</subfield>
  </datafield>
  <datafield tag="260" ind1=" " ind2=" ">
    <subfield code="c">2004</subfield>
    <subfield code="b">&#x936;&#x94D;&#x930;&#x940;&#x930;&#x93E;&#x92E; &#x92C;&#x941;&#x915; &#x90F;&#x91C;&#x928;&#x94D;&#x938;&#x940;</subfield>
  </datafield>
  <datafield tag="300" ind1=" " ind2=" ">
    <subfield code="a">59</subfield>
    <subfield code="b">&#x932;&#x939;&#x93E;&#x928;</subfield>
  </datafield>
  <datafield tag="600" ind1=" " ind2=" ">
    <subfield code="a">&#x92D;&#x93E;&#x930;&#x924;&#x940;&#x92F; &#x936;&#x93E;&#x938;&#x94D;&#x924;&#x94D;&#x930;&#x91C;&#x94D;&#x91E;</subfield>
  </datafield>
  <datafield tag="942" ind1=" " ind2=" ">
    <subfield code="c">BOOK</subfield>
  </datafield>
  <datafield tag="999" ind1=" " ind2=" ">
    <subfield code="c">222369</subfield>
    <subfield code="d">222369</subfield>
  </datafield>
  <datafield tag="952" ind1=" " ind2=" ">
    <subfield code="0">0</subfield>
    <subfield code="1">0</subfield>
    <subfield code="4">0</subfield>
    <subfield code="7">0</subfield>
    <subfield code="a">KALYANPL</subfield>
    <subfield code="b">KALYANPL</subfield>
    <subfield code="d">0000-00-00</subfield>
    <subfield code="g">12.00</subfield>
    <subfield code="l">0</subfield>
    <subfield code="p">KPL-39075</subfield>
    <subfield code="r">2009-02-01 00:00:00</subfield>
    <subfield code="t">1</subfield>
    <subfield code="v">12.00</subfield>
    <subfield code="w">2009-02-01</subfield>
    <subfield code="y">BOOK</subfield>
  </datafield>
</record>
